| 000 | 00341nam a2200121Ia 4500 | ||
|---|---|---|---|
| 005 | 20251222143257.0 | ||
| 008 | 251222s9999||||xx |||||||||||||| ||spa|| | ||
| 082 | _a276.8/G63 | ||
| 100 | _aGómez Carrasco, Mercedes | ||
| 245 | 0 | _aLa condición jurídica del laico en el concilio Vaticano II | |
| 264 | _bUniversidad de Navarra | ||
| 942 | _cLIB | ||
| 999 |
_c15189 _d15189 |
||